000 00441nam a22001577a 4500
020 _a978-93-81438-62-6
082 _a823
_bVER/T
100 _aVERNE, JULES
245 _a20000 LEAGUES UNDER THE SEA
_bILLSTRATED CLASSICS
246 _a20000 LEAGUES UNDER THE SEA
_bILLSTRATED CLASSICS
260 _aNEW DELHI
_bLITTLE SCHOLARZ PVT LTD
_c2013
300 _a240
520 _aILLSTRATED CLASSICS
650 _aILLSTRATED CLASSICS
942 _cBK
999 _c2899
_d2899